000 00709cab a2200229 4500
001 WB3142-17
008 090401t1995 xxu||||| |||| 00| 0 eng d
035 _a(Sirsi) u21997
041 _aeng
245 _aPPG6 already taking blame
260 _c1995
350 _a0
490 _aEstates Gazette
_v(9544) 4 November 1995, 48(1)
520 _aA survey by Chartwell Land reveals that PPG6 as revised may already be curtailing retailers` plans for expansion.
650 _aOUT-OF-TOWN DEVELOPMENT
650 _aPLANNING POLICY GUIDANCE NOTE SIX
650 _aRETAIL PLANNING
650 _aRETAILERS
690 _aPROPERTY-COMMERCIAL PROPERTY-RETAIL PROPERTY
942 _n0
948 _c04/03/1997
999 _c14733
_d14733